Harmonizácia slovenského práva obchodných spoločností s právom Európskej únie (Habilitačná prednáška)

Prehľad komunitárnej právnej úpravy týkajúcej sa obchodných spoločností. Súčasný stav slovenského práva obchodných spoločností. Aproximácia práva obchodných spoločností v krajinách Európskej únie a na Slovensku.

Saved in:
Bibliographic Details
Main Author: Žitňanská, Lucia
Format: Book Chapter
Language:Slovak
Subjects:
Tags: Add Tag
No Tags, Be the first to tag this record!

MARC

LEADER 00000naa a2200000 4500
001 r044363
005 20230929080944.2
041 0 |a slo 
044 |a SK 
245 1 0 |a Harmonizácia slovenského práva obchodných spoločností s právom Európskej únie  |b (Habilitačná prednáška)  |c Lucia Žitňanská 
520 |a Prehľad komunitárnej právnej úpravy týkajúcej sa obchodných spoločností. Súčasný stav slovenského práva obchodných spoločností. Aproximácia práva obchodných spoločností v krajinách Európskej únie a na Slovensku. 
610 2 0 |a spolupráca hospodárska medzinárodná 
610 2 0 |a aproximácia práva 
610 2 0 |a Európska únia 
610 2 0 |a Slovensko 
610 2 0 |a spoločnosti obchodné 
610 2 0 |a úpravy právne 
100 1 |a Žitňanská, Lucia